000 00176 a2200085 4500
041 _aspa
100 _aanonimo
245 _arevista del patrimonio nacional aò¨ xxxl
942 _cBK
999 _c10014
_d10014